50 Beste Fußballer seit 2000 - Statistiken

Allgemein
  • Dieses Quiz wurde 267 mal gespielt
  • Das Durchschnittsergebnis liegt bei 23 aus 50
Antwortstatistiken
Hint Antwort % Korrekt
1 Cristiano Ronaldo
99%
2 Lionel Messi
99%
20 Manuel Neuer
82%
3 Ronaldinho
75%
11 Robert Lewandowski
73%
16 Thomas Müller
72%
33 Toni Kroos
72%
8 Andreas Iniesta
68%
23 Philipp Lahm
66%
4 Zinedine Zidane
64%
19 Gianluigi Buffon
63%
9 Luka Modric
63%
15 Zlatan Ibrahimovic
63%
17 Sergio Ramos
62%
10 Karim Benzema
61%
25 Arjen Robben
59%
24 Franck Ribéry
58%
18 Iker Casillas
55%
6 Kaka
55%
14 Wayne Rooney
50%
5 Thierry Henry
49%
49 Gareth Bale
44%
29 Mohamed Salah
44%
43 Carlos Puyol
43%
31 Kevin De Bruyne
43%
35 David Beckham
41%
45 Frank Lampard
41%
41 Gerard Piqué
40%
12 Didier Drogba
39%
38 Andrea Pirlo
38%
46 Steven Gerrard
38%
26 David Villa
37%
34 Mesut Özil
36%
27 Fernando Torres
35%
22 Marcelo
34%
28 Sergio Agüero
33%
30 Sadio Mané
31%
39 Francesco Totti
29%
37 Paul Scholes
28%
50 Ángel Di María
27%
32 Eden Hazard
26%
7 Xavi Hernandez
23%
40 Alessandro Del Piero
22%
36 Ryan Giggs
22%
21 Dani Alves
21%
42 Nemanja Vidic
13%
44 Petr Cech
13%
48 Yaya Touré
11%
47 Claude Makélélé
7%
13 Samuel Eto´o
2%
Keine übereinstimmenden Quizze gefunden
Verteilung der Resultate
Anzahl Personen mit jedem Resultat
Perzentil nach korrekt beantworteten Fragen
Ihre Resultats-Entwicklung
Sie haben dieses Quiz noch nicht gespielt